[Event "MAD-ch"]
[Site "Antananarivo"]
[Date "2019.08.15"]
[Round "1"]
[White "Andriniaina, Heritiana"]
[Black "Elias, Moise"]
[Result "1-0"]
[WhiteElo "2023"]
[BlackElo "1749"]
[PlyCount "83"]
[EventDate "2019.08.15"]
[EventType "swiss"]
[EventRounds "9"]
[EventCountry "MAD"]
[SourceTitle "EXT 2020"]
[Source "ChessBase"]
[SourceDate "2019.10.17"]
[SourceVersion "1"]
[SourceVersionDate "2019.10.17"]
[SourceQuality "1"]

1. d4 d5 2. Nf3 Nf6 3. g3 g6 4. Bg2 Bg7 5. 0-0 0-0 6. c4 dxc4 7. Na3 Nbd7 8. Nxc4 Nb6 9. b3 Bf5 10. Bb2 c6 11. Qe1 Ne4 12. Rd1 Nxc4 13. bxc4 Qb6 14. Ba3 Rfe8 15. Qb4 Qa6 16. Nd2 c5 17. Qb3 Nxd2 18. Rxd2 cxd4 19. Bxb7 Qa5 20. Bb4 Qd8 21. Bxa8 Qxa8 22. f3 e5 23. Rfd1 Bh6 24. Rb2 Be3+ 25. Kg2 e4 26. f4 Qc8 27. Bd6 Bh3+ 28. Kh1 Qc6 29. Qb5 Qc8 30. Bc5 Rd8 31. Rdb1 Bg4 32. Rb3 Bxe2 33. Rxe3 dxe3 34. Bxe3 Bf3+ 35. Kg1 Rd3 36. Qb8 Qxb8 37. Rxb8+ Kg7 38. Kf2 a5 39. c5 Kf6 40. c6 Bg4 41. c7 Ra3 42. Bd4+ 1-0